000 00462nam a2200181Ia 4500
001 22859
005 20260414150859.0
008 260414t2016||||xx |||||||||||||| ||spa||
041 _aESP
082 _a624.15136
_bG96
100 _aGutiérrez Lázares, Wilfredo
_eAUT
245 0 _aMecánica de suelos :
_baplicada a vías de transporte
260 _c2016
300 _a187 páginas :
_c25 cm.
650 _a0
654 _aCIC
942 _cLIB
_dJUS
_fJUS
_2ddc
_n
999 _c22859
_d22859